00000000nam##2200000za#4500
0019.662377
003CaOODSP
00520210615120522
007ta
008150407|2000||||xxc|||||     f|0| 0 eng|d
020 |a0-662-65388-2
040 |aCaOODSP|beng
041 |aeng
041 |afre
043 |an-cn---
0861 |aCi51-58/2000
1101 |aCanada. |bCitizenship and Immigration Canada.
24510|aHow to become a Canadian citizen
260 |aOttawa - Ontario : |bCitizenship and Immigration Canada |c2000.
300 |aEnglish text, 14p. ; |c22 cm.
546 |aBilingual
563 |aSoftcover
590 |a02-06|b2002-02-08
69007|aCitizenship|2gcpds
69007|aImmigrants|2gcpds
792 |tComment devenir citoyen canadien |efre|w(CaOODSP)9.662378